| 000 | 01016nas a2200349 4500 | ||
|---|---|---|---|
| 001 | BR0809814 | ||
| 003 | BR-BrBNA | ||
| 005 | 20231205112821.0 | ||
| 007 | ta | ||
| 008 | 230509b bl.|||p| |||| 00| 00por d | ||
| 040 |
_aBR-BrBNA _bpor _cBiblioteca Nacional de Agricultura |
||
| 041 | _a(Pt) | ||
| 072 | _aL03; Q02; Q03 | ||
| 100 | 1 | _aSouza, H.M. de | |
| 100 | 1 | _aPinto, C.L. de O. | |
| 100 | 1 | _aMeurer, C.B. | |
| 100 | 1 | _aAlves, B.M.R | |
| 100 | 1 | _aLemos, A. de M. | |
| 100 | 1 | _aReis, C.G. | |
| 245 | 1 | _aMastite bovina e seus reflexos na cadeia do leite | |
| 650 | _aBOVINO | ||
| 650 | _aGADO LEITEIRO | ||
| 650 | _aPRODUÇÃO LEITEIRA | ||
| 650 | _aLEITE | ||
| 650 | _aLATICÍNIO | ||
| 650 | _aMAMITE | ||
| 650 | _aPROFILAXIA | ||
| 650 | _aSAUDE PUBLICA | ||
| 773 | 0 |
_tInforme Agropecuário - Empresa de Pesquisa Agropecuária de Minas Gerais (Brazil) _xISSN 0100-3364 _g(May-Jun 2007), v. 28(238) p. 44-50 _wBR0809814 |
|
| 909 |
_a202311 _bLúcia _c55 _dLúcia Elande |
||
| 942 |
_2AGRIS _n0 _cANA |
||
| 999 |
_c200163 _d200163 |
||